Former Countries' Borders Quiz Stats

 Plays Quiz Updated Aug 7, 2016

Challenge
Share
Tweet
Embed
Score 0/50 Timer 06:00
1 Play Today
Hint Answer % Correct
Republic of Texas (1840)United States of America
88.1%
Vermont Republic (1790)United States of America
88.1%
Free Territory of Trieste (1950)Italy
88.1%
Korean Empire (1900)China
87.9%
Republic of Texas (1840)Mexico
86.1%
Scotland (1600)England
85.3%
Kingdom of Sardinia (1816)Austrian Empire
84.4%
South Yemen (1980)Saudi Arabia
84.3%
Czechoslovakia (1975)Austria
84.2%
Serbia and Montenegro (2005)Hungary
83.4%
Czechoslovakia (1975)Hungary
83.4%
Kingdom of Sardinia (1816)France
82.7%
Korean Empire (1900)Russia
81.4%
Vermont Republic (1790)Quebec
80.8%
South Yemen (1980)Oman
80.2%
Czechoslovakia (1975)Poland
79.6%
South Vietnam (1975)Laos
78.6%
Serbia and Montenegro (2005)Croatia
78.5%
South Vietnam (1975)Cambodia
77.6%
Gran Colombia (1825)Brazil
75.4%
Serbia and Montenegro (2005)Albania
74.4%
Serbia and Montenegro (2005)Romania
74.3%
South Yemen (1980)Yemen Arab Republic
73.5%
Serbia and Montenegro (2005)Bulgaria
72.2%
Serbia and Montenegro (2005)Macedonia
70.4%
Hint Answer % Correct
United Arab Republic (1960)Iraq
70%
United Arab Republic (1960)Israel
69.7%
South Vietnam (1975)North Vietnam
69.3%
Serbia and Montenegro (2005)Bosnia and Herzegovina
67.4%
Gran Colombia (1825)Peru
65.1%
United Arab Republic (1960)Turkey
64.9%
United Arab Republic (1960)Jordan
64.8%
Kingdom of Sardinia (1816)Switzerland
63.7%
Bophuthatswana (1994)South Africa
59.4%
Czechoslovakia (1975)East Germany
58.2%
Free Territory of Trieste (1950)Yugoslavia
57%
Czechoslovakia (1975)USSR
56.9%
United Arab Republic (1960)Lebanon
56.7%
Czechoslovakia (1975)West Germany
47.2%
United Arab Republic (1960)Libya
41.9%
United Arab Republic (1960)Sudan
41.8%
Gran Colombia (1825)Demerara-Essequibo
40.6%
Bophuthatswana (1994)Botswana
36.7%
Biafra (1967)Nigeria
33%
Biafra (1967)Cameroon
24.1%
Kingdom of Sardinia (1816)Grand Duchy of Tuscany
11.3%
Gran Colombia (1825)Federal Republic of Central America
7.1%
Kingdom of Sardinia (1816)Duchy of Parma
4.3%
Kingdom of Sardinia (1816)Duchy of Modena and Reggio
4.1%
Kingdom of Sardinia (1816)Duchy of Massa and Carrara
2.4%

You're not logged in!

Compare scores with friends on all Sporcle quizzes.
OR
Log In

You Might Also Like...

Show Comments

Extras

Top Quizzes Today


Score Distribution

Your Account Isn't Verified!

In order to create a playlist on Sporcle, you need to verify the email address you used during registration. Go to your Sporcle Settings to finish the process.

Report this User

Report this user for behavior that violates our Community Guidelines.

Details: